[Event "Titled Tuesday intern op 21st Dec"]
[Site "Chess.com INT"]
[Date "2021.12.21"]
[Round "3"]
[White "Havas, Ladislav"]
[Black "Duneas, John"]
[Result "0-1"]
[WhiteElo "2216"]
[BlackElo "2071"]
[PlyCount "50"]
[EventDate "2021.12.21"]
[EventType "swiss (blitz)"]
[EventRounds "11"]
[EventCountry "USA"]
[SourceTitle "CBM 205 Extra"]
[Source "ChessBase"]
[SourceDate "2022.01.31"]
[SourceVersion "1"]
[SourceVersionDate "2022.01.31"]
[SourceQuality "1"]

1. d4 e6 2. Bf4 d5 3. e3 c5 4. c3 Nc6 5. Nd2 Nf6 6. Ngf3 Be7 7. Bd3 O-O 8. Ne5 cxd4 9. exd4 Qb6 10. Qc2 a5 11. a4 Nb8 12. O-O Bd7 13. g4 h6 14. h4 Bc6 15. g5 hxg5 16. hxg5 Nh5 17. Be3 g6 18. Kg2 Nd7 19. Bxg6 fxg6 20. Qxg6+ Ng7 21. Rh1 Nxe5 22. dxe5 d4+ 23. Kg3 dxe3 24. Rh7 Rf7 25. Qh6 Nf5+ 0-1

[Event "Titled Tuesday intern op 21st Dec"]
[Site "Chess.com INT"]
[Date "2021.12.21"]
[Round "3"]
[White "Hnydiuk, Aleksander"]
[Black "Gledura, Benjamin"]
[Result "0-1"]
[WhiteElo "2394"]
[BlackElo "2652"]
[PlyCount "70"]
[EventDate "2021.12.21"]
[EventType "swiss (blitz)"]
[EventRounds "11"]
[EventCountry "USA"]
[SourceTitle "CBM 205 Extra"]
[Source "ChessBase"]
[SourceDate "2022.01.31"]
[SourceVersion "1"]
[SourceVersionDate "2022.01.31"]
[SourceQuality "1"]

1. e4 Nf6 2. e5 Nd5 3. d4 d6 4. Nf3 dxe5 5. Nxe5 g6 6. Bc4 c6 7. O-O Bg7 8. Re1 O-O 9. c3 a5 10. Nd2 a4 11. a3 Nd7 12. Ndf3 Nxe5 13. Nxe5 Be6 14. Qf3 Nc7 15. Bd3 Bd5 16. Qg3 b5 17. h4 Ne6 18. h5 Qd6 19. Qg4 c5 20. hxg6 fxg6 21. Bxb5 cxd4 22. cxd4 Rf5 23. Bd2 Qb6 24. Bc4 Bxc4 25. Nxc4 Qxd4 26. Qxd4 Nxd4 27. Rxe7 Rc8 28. Nd6 Rc2 29. Nxf5 Nxf5 30. Rd7 Bxb2 31. Re1 Rc8 32. Bb4 Bd4 33. Re4 Bf6 34. g4 Ng7 35. g5 Bxg5 0-1

[Event "Titled Tuesday intern op 21st Dec"]
[Site "Chess.com INT"]
[Date "2021.12.21"]
[Round "3"]
[White "Ibrahimli, Murad Sultanali"]
[Black "Bethke, Richard"]
[Result "1-0"]
[WhiteElo "2418"]
[BlackElo "2327"]
[PlyCount "61"]
[EventDate "2021.12.21"]
[EventType "swiss (blitz)"]
[EventRounds "11"]
[EventCountry "USA"]
[SourceTitle "CBM 205 Extra"]
[Source "ChessBase"]
[SourceDate "2022.01.31"]
[SourceVersion "1"]
[SourceVersionDate "2022.01.31"]
[SourceQuality "1"]

1. e4 c5 2. Nf3 d6 3. d4 cxd4 4. Qxd4 Nf6 5. Be2 Nc6 6. Qe3 g6 7. h3 Bg7 8. c4 O-O 9. Nc3 b6 10. O-O Bb7 11. Rd1 Qc8 12. Bd2 Rd8 13. Rac1 Nd7 14. b3 Nc5 15. Qf4 Ne6 16. Qh4 Ncd4 17. Nxd4 Nxd4 18. Bg4 f5 19. exf5 Nxf5 20. Bxf5 Qxf5 21. Qxe7 Rd7 22. Qg5 Qf7 23. Bf4 Rf8 24. Bg3 Re7 25. Qd2 Be5 26. Re1 Bxg3 27. fxg3 Re5 28. Rxe5 dxe5 29. Re1 Qf6 30. Nd5 Qf5 31. Ne7+ 1-0

[Event "Titled Tuesday intern op 21st Dec"]
[Site "Chess.com INT"]
[Date "2021.12.21"]
[Round "3"]
[White "Idrisov, Ildar F"]
[Black "Koellner, Ruben Gideon"]
[Result "0-1"]
[WhiteElo "2282"]
[BlackElo "2428"]
[PlyCount "80"]
[EventDate "2021.12.21"]
[EventType "swiss (blitz)"]
[EventRounds "11"]
[EventCountry "USA"]
[SourceTitle "CBM 205 Extra"]
[Source "ChessBase"]
[SourceDate "2022.01.31"]
[SourceVersion "1"]
[SourceVersionDate "2022.01.31"]
[SourceQuality "1"]

1. Nf3 d6 2. d4 Nf6 3. b3 g6 4. Bb2 Bg7 5. g3 O-O 6. Bg2 Re8 7. O-O Nbd7 8. c4 c6 9. Nc3 Qc7 10. Ng5 h6 11. Nge4 Nxe4 12. Nxe4 Nf6 13. Qd2 Nxe4 14. Bxe4 e5 15. dxe5 dxe5 16. Rfd1 f5 17. Bg2 Be6 18. Qd6 Qxd6 19. Rxd6 Rad8 20. Rad1 Rxd6 21. Rxd6 Kf7 22. f4 Bf8 23. Rd2 exf4 24. gxf4 Bc5+ 25. Bd4 Rd8 26. e3 Bb6 27. Kf2 g5 28. fxg5 f4 29. Kf3 hxg5 30. Ke4 Kg6 31. exf4 Bf5+ 32. Ke3 gxf4+ 33. Kxf4 Bxd4 34. Re2 Bf6 35. Bf3 Rd4+ 36. Ke3 Rd3+ 37. Kf2 Bh4+ 38. Kg2 Kg5 39. Re7 Kf4 40. Rxb7 Rxf3 0-1

[Event "Titled Tuesday intern op 21st Dec"]
[Site "Chess.com INT"]
[Date "2021.12.21"]
[Round "3"]
[White "Itkis, Boris"]
[Black "Ward, Ieuan C"]
[Result "1-0"]
[WhiteElo "2343"]
[BlackElo "2028"]
[PlyCount "61"]
[EventDate "2021.12.21"]
[EventType "swiss (blitz)"]
[EventRounds "11"]
[EventCountry "USA"]
[SourceTitle "CBM 205 Extra"]
[Source "ChessBase"]
[SourceDate "2022.01.31"]
[SourceVersion "1"]
[SourceVersionDate "2022.01.31"]
[SourceQuality "1"]

1. c4 e6 2. Nf3 d5 3. b3 Nf6 4. g3 Be7 5. Bb2 O-O 6. Bg2 c5 7. O-O Nc6 8. e3 Re8 9. Nc3 a6 10. d4 b6 11. cxd5 exd5 12. dxc5 bxc5 13. Rc1 h6 14. Qd2 Be6 15. Rfd1 Qa5 16. Na4 Qxd2 17. Rxd2 Ne4 18. Rdd1 Rac8 19. Nd2 f5 20. Nxe4 dxe4 21. Nxc5 Bf7 22. Nxa6 Nb4 23. Nxb4 Bxb4 24. a3 Bxb3 25. axb4 Bxd1 26. Rxd1 Rc2 27. Bd4 Ra8 28. b5 Raa2 29. b6 Rxf2 30. Bf1 Ra8 31. b7 1-0

[Event "Titled Tuesday intern op 21st Dec"]
[Site "Chess.com INT"]
[Date "2021.12.21"]
[Round "3"]
[White "Janaszak, Dawid"]
[Black "Bures, Vit"]
[Result "1-0"]
[WhiteElo "2333"]
[BlackElo "2119"]
[PlyCount "103"]
[EventDate "2021.12.21"]
[EventType "swiss (blitz)"]
[EventRounds "11"]
[EventCountry "USA"]
[SourceTitle "CBM 205 Extra"]
[Source "ChessBase"]
[SourceDate "2022.01.31"]
[SourceVersion "1"]
[SourceVersionDate "2022.01.31"]
[SourceQuality "1"]

1. e4 e5 2. Nf3 Nc6 3. d4 exd4 4. Nxd4 Nf6 5. Nxc6 bxc6 6. e5 Qe7 7. Qe2 Nd5 8. h4 Qe6 9. g3 d6 10. c4 Nb6 11. exd6 cxd6 12. b3 Be7 13. Bb2 O-O 14. Qxe6 Bxe6 15. Nd2 d5 16. cxd5 Bxd5 17. Rg1 Bb4 18. O-O-O a5 19. Bg2 a4 20. Kc2 axb3+ 21. axb3 Rfe8 22. Bxd5 cxd5 23. Bd4 Ra2+ 24. Kb1 Rxd2 25. Rxd2 Bxd2 26. Bxb6 Rb8 27. Bd4 Rxb3+ 28. Kc2 Rb4 29. Bxg7 Kxg7 30. Kxd2 Kf6 31. Ke3 Ke5 32. Ra1 Rb3+ 33. Ke2 h5 34. Ra7 f5 35. Re7+ Kd4 36. Rf7 Rb2+ 37. Kf3 Kc3 38. Rxf5 d4 39. Rxh5 d3 40. Rd5 Rb8 41. g4 Rf8+ 42. Kg3 d2 43. h5 Kc2 44. h6 Rc8 45. Kh4 Rc3 46. Rxd2+ Kxd2 47. h7 Rc8 48. g5 Kd3 49. g6 Ke2 50. g7 Rc4+ 51. Kg5 Rc5+ 52. Kf4 1-0

[Event "Titled Tuesday intern op 21st Dec"]
[Site "Chess.com INT"]
[Date "2021.12.21"]
[Round "3"]
[White "Kadam, Om Manish"]
[Black "Seliverstov, Vladimir"]
[Result "1-0"]
[WhiteElo "2114"]
[BlackElo "2462"]
[PlyCount "83"]
[EventDate "2021.12.21"]
[EventType "swiss (blitz)"]
[EventRounds "11"]
[EventCountry "USA"]
[SourceTitle "CBM 205 Extra"]
[Source "ChessBase"]
[SourceDate "2022.01.31"]
[SourceVersion "1"]
[SourceVersionDate "2022.01.31"]
[SourceQuality "1"]

1. e4 g6 2. d4 Bg7 3. Nf3 d6 4. Bc4 Nf6 5. Nc3 O-O 6. O-O Bg4 7. h3 Bxf3 8. Qxf3 Nc6 9. Ne2 e5 10. d5 Ne7 11. Qb3 Nxe4 12. Qxb7 f5 13. f3 Nc5 14. Qb4 Kh8 15. Be3 Rb8 16. Qa3 Nd7 17. Rad1 Nb6 18. Bb3 Qd7 19. c4 f4 20. Bf2 Nf5 21. c5 Nc8 22. Bc2 Qb5 23. Bxf5 gxf5 24. Rd2 Rg8 25. Rc1 Bf8 26. Qc3 Qe8 27. Nxf4 Bh6 28. Be3 Bxf4 29. Bxf4 Qg6 30. Re1 Rb5 31. b4 a5 32. a3 axb4 33. axb4 Ne7 34. Rxe5 dxe5 35. Bxe5+ Rg7 36. d6 cxd6 37. cxd6 Rb7 38. dxe7 Rbxe7 39. Bxg7+ Kg8 40. Rd8+ Kf7 41. Rf8+ Ke6 42. Rf6+ 1-0

[Event "Titled Tuesday intern op 21st Dec"]
[Site "Chess.com INT"]
[Date "2021.12.21"]
[Round "3"]
[White "Kalashian, David"]
[Black "Savchenko, Boris"]
[Result "0-1"]
[WhiteElo "2398"]
[BlackElo "2535"]
[PlyCount "112"]
[EventDate "2021.12.21"]
[EventType "swiss (blitz)"]
[EventRounds "11"]
[EventCountry "USA"]
[SourceTitle "CBM 205 Extra"]
[Source "ChessBase"]
[SourceDate "2022.01.31"]
[SourceVersion "1"]
[SourceVersionDate "2022.01.31"]
[SourceQuality "1"]

1. d4 Nf6 2. c4 e6 3. Nf3 b6 4. g3 Bb7 5. Bg2 Bb4+ 6. Bd2 c5 7. O-O O-O 8. Bf4 cxd4 9. Qxd4 d5 10. Ne5 Bc5 11. Qd3 Ne4 12. cxd5 Qxd5 13. Qxd5 Bxd5 14. Nd2 Nxd2 15. Bxd2 Bxg2 16. Kxg2 Bd4 17. Nd3 Nc6 18. Rac1 Rfc8 19. Bc3 f6 20. e3 Bxc3 21. Rxc3 Ne7 22. Rfc1 Rxc3 23. Rxc3 Rd8 24. Rc7 Nd5 25. Rxa7 Nxe3+ 26. fxe3 Rxd3 27. Kf3 Rd2 28. b4 Rxh2 29. a4 Rb2 30. b5 Rb4 31. Ke2 h5 32. Kd3 g5 33. Kc3 Re4 34. a5 bxa5 35. b6 Rxe3+ 36. Kd4 Rxg3 37. b7 Rb3 38. Ra8+ Kf7 39. b8=Q Rxb8 40. Rxb8 h4 41. Ra8 h3 42. Rxa5 f5 43. Ke5 g4 44. Kf4 Kf6 45. Ra6 Kf7 46. Ra7+ Kg6 47. Ra6 Kf6 48. Rb6 Ke7 49. Rb7+ Kd6 50. Rb6+ Kd5 51. Rb5+ Kd4 52. Re5 h2 53. Re1 e5+ 54. Kxf5 g3 55. Kg4 g2 56. Rd1+ Kc5 0-1

[Event "Titled Tuesday intern op 21st Dec"]
[Site "Chess.com INT"]
[Date "2021.12.21"]
[Round "3"]
[White "Karacsonyi, Gellert"]
[Black "Findlay, Ian T"]
[Result "1-0"]
[WhiteElo "2348"]
[BlackElo "2156"]
[PlyCount "69"]
[EventDate "2021.12.21"]
[EventType "swiss (blitz)"]
[EventRounds "11"]
[EventCountry "USA"]
[SourceTitle "CBM 205 Extra"]
[Source "ChessBase"]
[SourceDate "2022.01.31"]
[SourceVersion "1"]
[SourceVersionDate "2022.01.31"]
[SourceQuality "1"]

1. e4 c5 2. Nf3 d6 3. d4 cxd4 4. Nxd4 Nf6 5. Nc3 g6 6. Be3 Bg7 7. f3 Nc6 8. Qd2 O-O 9. O-O-O d5 10. Qe1 e5 11. Nxc6 bxc6 12. exd5 Nxd5 13. Bc4 Be6 14. Kb1 Re8 15. Ne4 Qc7 16. Bc5 f5 17. Ng5 Rab8 18. Ba3 e4 19. Nxe6 Rxe6 20. Rxd5 cxd5 21. Bxd5 Qe5 22. Bxe6+ Qxe6 23. fxe4 fxe4 24. Qe3 a5 25. Re1 Re8 26. Qb3 Qxb3 27. axb3 e3 28. c4 Bd4 29. Kc2 Rd8 30. b4 axb4 31. Bxb4 Kf7 32. Bc3 Bxc3 33. Kxc3 Rd2 34. Rxe3 Rxg2 35. h3 1-0

[Event "Titled Tuesday intern op 21st Dec"]
[Site "Chess.com INT"]
[Date "2021.12.21"]
[Round "3"]
[White "Kejzar, Petra"]
[Black "Weber, Samuel"]
[Result "0-1"]
[WhiteElo "2072"]
[BlackElo "2250"]
[PlyCount "56"]
[EventDate "2021.12.21"]
[EventType "swiss (blitz)"]
[EventRounds "11"]
[EventCountry "USA"]
[SourceTitle "CBM 205 Extra"]
[Source "ChessBase"]
[SourceDate "2022.01.31"]
[SourceVersion "1"]
[SourceVersionDate "2022.01.31"]
[SourceQuality "1"]

1. e4 c6 2. d4 d5 3. Nc3 dxe4 4. Nxe4 Nf6 5. Nxf6+ exf6 6. Bc4 Bd6 7. Qh5 Qe7+ 8. Ne2 Be6 9. Bd3 Nd7 10. O-O O-O-O 11. c4 g6 12. Qf3 h5 13. c5 Bb8 14. b4 Rhe8 15. b5 Bg4 16. bxc6 Bxf3 17. cxd7+ Rxd7 18. gxf3 f5 19. Be3 Qh4 20. f4 Rde7 21. d5 Qg4+ 22. Kh1 Qf3+ 23. Kg1 Rxe3 24. fxe3 Qxe3+ 25. Rf2 Qxd3 26. Ng3 h4 27. Nf1 Qd4 28. Rc1 Re2 0-1

[Event "Titled Tuesday intern op 21st Dec"]
[Site "Chess.com INT"]
[Date "2021.12.21"]
[Round "3"]
[White "Khamdamova, Afruza"]
[Black "Ianov, Viktor"]
[Result "0-1"]
[WhiteElo "1771"]
[BlackElo "2279"]
[PlyCount "94"]
[EventDate "2021.12.21"]
[EventType "swiss (blitz)"]
[EventRounds "11"]
[EventCountry "USA"]
[SourceTitle "CBM 205 Extra"]
[Source "ChessBase"]
[SourceDate "2022.01.31"]
[SourceVersion "1"]
[SourceVersionDate "2022.01.31"]
[SourceQuality "1"]

1. e4 d6 2. d4 Nf6 3. Nc3 c6 4. Be3 Qa5 5. f3 Nbd7 6. Qd2 g6 7. O-O-O Bg7 8. Kb1 b5 9. h4 Nb6 10. g4 b4 11. Nce2 Nc4 12. Qd3 Ba6 13. Qb3 Nxe3 14. Qxe3 h5 15. g5 Nd7 16. Nc1 Bxf1 17. Rxf1 Nb6 18. Nge2 Nc4 19. Qd3 Qb5 20. f4 d5 21. e5 e6 22. Nb3 Bf8 23. Nd2 a5 24. b3 Na3+ 25. Kb2 Qb6 26. c3 Be7 27. Rc1 c5 28. c4 Rd8 29. dxc5 Bxc5 30. cxd5 Rxd5 31. Qc2 O-O 32. Nc4 Qd8 33. Nxa3 bxa3+ 34. Kb1 Bb4 35. Rhd1 Rxd1 36. Rxd1 Qb6 37. Nd4 Rd8 38. Ne2 Rxd1+ 39. Qxd1 Qe3 40. Kc2 Qf2 41. Qd8+ Bf8 42. Qd3 Qxh4 43. Qg3 Qh1 44. Qf2 Qa1 45. Kd3 Qxa2 46. Qb6 Qb1+ 47. Ke3 a2 0-1

[Event "Titled Tuesday intern op 21st Dec"]
[Site "Chess.com INT"]
[Date "2021.12.21"]
[Round "3"]
[White "Kiolbasa, Oliwia"]
[Black "Manukyan, Artyom"]
[Result "1/2-1/2"]
[WhiteElo "2399"]
[BlackElo "2106"]
[PlyCount "88"]
[EventDate "2021.12.21"]
[EventType "swiss (blitz)"]
[EventRounds "11"]
[EventCountry "USA"]
[SourceTitle "CBM 205 Extra"]
[Source "ChessBase"]
[SourceDate "2022.01.31"]
[SourceVersion "1"]
[SourceVersionDate "2022.01.31"]
[SourceQuality "1"]

1. e4 c5 2. Nf3 d6 3. d4 cxd4 4. Nxd4 Nf6 5. Nc3 g6 6. Be3 Bg7 7. f3 O-O 8. Qd2 Nc6 9. g4 Nxd4 10. Bxd4 Be6 11. Nd5 Bxd5 12. exd5 Rc8 13. g5 Nh5 14. O-O-O Bxd4 15. Qxd4 Qa5 16. Kb1 Rc5 17. c4 Rfc8 18. Be2 Ng7 19. Bd3 Qb4 20. Qg4 b5 21. cxb5 Qxg4 22. fxg4 Rxd5 23. h4 Ne6 24. Be2 Rdc5 25. a4 Kg7 26. Rc1 Nd4 27. Bd3 Nf3 28. Rxc5 Rxc5 29. a5 Ne5 30. Be2 Nd7 31. Rc1 Rxc1+ 32. Kxc1 Kf8 33. Kd2 Ke8 34. Kc3 Kd8 35. Kd4 Kc7 36. b4 Ne5 37. Kd5 e6+ 38. Kd4 Nd7 39. Bf3 Ne5 40. Be2 Kb7 41. Ke4 Nd7 42. Kd4 Kc7 43. Bf3 Nf8 44. Be2 Nd7 1/2-1/2

[Event "Titled Tuesday intern op 21st Dec"]
[Site "Chess.com INT"]
[Date "2021.12.21"]
[Round "3"]
[White "Kjartansson, Gudmundur"]
[Black "Kamsky, Gata"]
[Result "0-1"]
[WhiteElo "2460"]
[BlackElo "2657"]
[PlyCount "82"]
[EventDate "2021.12.21"]
[EventType "swiss (blitz)"]
[EventRounds "11"]
[EventCountry "USA"]
[SourceTitle "CBM 205 Extra"]
[Source "ChessBase"]
[SourceDate "2022.01.31"]
[SourceVersion "1"]
[SourceVersionDate "2022.01.31"]
[SourceQuality "1"]

1. Nf3 Nf6 2. c4 g6 3. Nc3 Bg7 4. g3 d6 5. d4 O-O 6. Bg2 c6 7. O-O Bf5 8. Ne1 Qc8 9. e4 Bh3 10. Nc2 Bxg2 11. Kxg2 a6 12. a4 a5 13. b3 e5 14. d5 Qc7 15. Ba3 Rd8 16. Qd3 Na6 17. Rad1 Qb6 18. Rb1 Bf8 19. h3 Nd7 20. Rfd1 Ndc5 21. Qe3 Bg7 22. h4 h5 23. f3 Qc7 24. g4 Qe7 25. gxh5 gxh5 26. Rh1 Qf6 27. Bc1 Kh7 28. Qg5 Qg6 29. Ne2 Bf6 30. Qxg6+ fxg6 31. Bg5 Bxg5 32. hxg5 Kg7 33. Ne3 Nb4 34. f4 exf4 35. Nxf4 Re8 36. dxc6 bxc6 37. Rbd1 Rxe4 38. Kf3 Rf8 39. Neg2 Nbd3 40. Rxd3 Rexf4+ 41. Nxf4 Nxd3 0-1

[Event "Titled Tuesday intern op 21st Dec"]
[Site "Chess.com INT"]
[Date "2021.12.21"]
[Round "3"]
[White "Krishnan, Varun"]
[Black "Olenik Campa, Rudi"]
[Result "1-0"]
[WhiteElo "2228"]
[BlackElo "2102"]
[PlyCount "61"]
[EventDate "2021.12.21"]
[EventType "swiss (blitz)"]
[EventRounds "11"]
[EventCountry "USA"]
[SourceTitle "CBM 205 Extra"]
[Source "ChessBase"]
[SourceDate "2022.01.31"]
[SourceVersion "1"]
[SourceVersionDate "2022.01.31"]
[SourceQuality "1"]

1. e4 c5 2. Nf3 Nc6 3. d4 cxd4 4. Nxd4 Nf6 5. Nc3 e5 6. Ndb5 d6 7. Bg5 a6 8. Na3 b5 9. Bxf6 gxf6 10. Nd5 f5 11. c3 Bg7 12. Bd3 Be6 13. Nxb5 axb5 14. Bxb5 Bd7 15. exf5 Nb8 16. Qg4 Kf8 17. Bxd7 Nxd7 18. O-O Nf6 19. Nxf6 Bxf6 20. Rfd1 Ke7 21. a4 Rg8 22. Qe4 Ra5 23. b4 Qa8 24. f3 Ra7 25. a5 Rc7 26. Qd3 Qa7+ 27. Kh1 Qf2 28. Qxd6+ Ke8 29. Rd2 Qe3 30. Rad1 Rc8 31. Qxf6 1-0

[Event "Titled Tuesday intern op 21st Dec"]
[Site "Chess.com INT"]
[Date "2021.12.21"]
[Round "3"]
[White "Krivonosov, Oleg"]
[Black "Rasulov, Vugar Ural Oglu"]
[Result "0-1"]
[WhiteElo "2362"]
[BlackElo "2453"]
[PlyCount "100"]
[EventDate "2021.12.21"]
[EventType "swiss (blitz)"]
[EventRounds "11"]
[EventCountry "USA"]
[SourceTitle "CBM 205 Extra"]
[Source "ChessBase"]
[SourceDate "2022.01.31"]
[SourceVersion "1"]
[SourceVersionDate "2022.01.31"]
[SourceQuality "1"]

1. Nf3 Nf6 2. c4 g6 3. Nc3 Bg7 4. e4 O-O 5. d4 c5 6. Be2 cxd4 7. Nxd4 Nc6 8. Be3 d6 9. O-O Nxd4 10. Bxd4 Be6 11. Qd2 Qa5 12. Rfd1 Rfc8 13. b3 a6 14. Rac1 Nd7 15. f3 Bxd4+ 16. Qxd4 Qc5 17. Qxc5 Rxc5 18. Nd5 Kf8 19. Kf2 a5 20. Ke3 f6 21. h4 Kf7 22. Kd2 Rac8 23. Ne3 Ne5 24. Rc2 Nc6 25. Rdc1 Nd4 26. Rc3 b5 27. Bf1 b4 28. Rd3 Nc6 29. Nd5 Ne5 30. Rd4 Rb8 31. Ne3 a4 32. Nd5 axb3 33. axb3 Nc6 34. Rd3 Ra8 35. Rc2 Ra1 36. Rc1 Ra3 37. Rc2 h5 38. Be2 Rca5 39. Bd1 Ra1 40. Rc1 Ne5 41. Re3 Bxd5 42. cxd5 Rxc1 43. Kxc1 Ra1+ 44. Kd2 Nd7 45. Rd3 Ra2+ 46. Ke1 Rxg2 47. Rd4 g5 48. hxg5 fxg5 49. Rxb4 h4 50. Be2 h3 0-1

[Event "Titled Tuesday intern op 21st Dec"]
[Site "Chess.com INT"]
[Date "2021.12.21"]
[Round "3"]
[White "Kucuksari, Kaan"]
[Black "Aldokhin, Ivan"]
[Result "1/2-1/2"]
[WhiteElo "2337"]
[BlackElo "2413"]
[PlyCount "253"]
[EventDate "2021.12.21"]
[EventType "swiss (blitz)"]
[EventRounds "11"]
[EventCountry "USA"]
[SourceTitle "CBM 205 Extra"]
[Source "ChessBase"]
[SourceDate "2022.01.31"]
[SourceVersion "1"]
[SourceVersionDate "2022.01.31"]
[SourceQuality "1"]

1. d4 Nf6 2. c4 g6 3. g3 Bg7 4. Bg2 d6 5. Nc3 O-O 6. Nf3 Nc6 7. O-O Bf5 8. Ne1 Qc8 9. d5 Ne5 10. b3 Bh3 11. Bb2 a6 12. f4 Bxg2 13. Kxg2 Ned7 14. e4 c6 15. Rc1 cxd5 16. cxd5 Qb8 17. Nf3 Rc8 18. Qe2 b5 19. Rc2 b4 20. Na4 Qb5 21. Rfc1 Qxe2+ 22. Rxe2 Rxc1 23. Bxc1 Rc8 24. Bd2 a5 25. Be1 Rc1 26. Nd2 Rc2 27. Kf3 Rxa2 28. Nc4 Rxe2 29. Kxe2 Nxe4 30. Nxa5 Ndf6 31. Nb6 Nc3+ 32. Bxc3 bxc3 33. Kd3 Ng4 34. Na4 Nf2+ 35. Kc2 Ne4 36. b4 Bd4 37. b5 Nf6 38. b6 Nxd5 39. b7 Nb4+ 40. Kb3 Na6 41. Nxc3 Bg1 42. Nd5 Nc5+ 43. Kc4 Nxb7 44. Nxb7 Bxh2 45. Nxe7+ Kf8 46. Nd5 Bxg3 47. Kd4 Kg7 48. Ke4 h5 49. Nxd6 h4 50. Kf3 Bh2 51. Ne4 f5 52. Ng5 Bxf4 53. Nxf4 Kf6 54. Nfh3 Ke5 55. Ke3 f4+ 56. Ke2 Kf5 57. Kf3 Ke5 58. Kg4 f3 59. Nxf3+ Ke4 60. Nfg5+ Ke5 61. Kf3 Kf5 62. Ke3 Kg4 63. Ke4 Kg3 64. Ke5 Kg4 65. Ke4 Kg3 66. Kd3 Kg4 67. Ke2 Kg3 68. Kf1 Kg4 69. Kg2 Kf5 70. Kf3 Ke5 71. Kg4 Kd4 72. Kf4 Kd3 73. Ke5 Ke3 74. Kd5 Kd3 75. Kd6 Ke3 76. Ke5 Kd3 77. Kf4 Kd4 78. Nf3+ Kd3 79. Ne5+ Kd4 80. Ng4 Kd3 81. Ke5 Ke2 82. Ke4 Kd2 83. Kd4 Ke2 84. Ke4 Kd2 85. Ng5 h3 86. Nh2 Ke2 87. Kf4 Kd2 88. Ngf3+ Kd3 89. Ne5+ Kd4 90. Neg4 g5+ 91. Kf5 Kd3 92. Ke5 Kc4 93. Ke4 Kc5 94. Kd3 Kd5 95. Ke3 Kc4 96. Ke4 Kc3 97. Ne3 g4 98. Nd5+ Kd2 99. Nf1+ Ke1 100. Ng3 h2 101. Ne3 Kf2 102. Kf4 Ke1 103. Ng2+ Kf2 104. Ne3 Ke1 105. Nef1 Kf2 106. Nxh2 Ke1 107. Nhf1 Kf2 108. Nd2 Ke1 109. Nde4 Kd1 110. Ke3 Kc2 111. Ke2 Kb3 112. Kd3 Kb4 113. Kd4 Kb3 114. Kd3 Kb4 115. Nd2 Kc5 116. Ke4 Kb4 117. Kd4 Kb5 118. Kd5 Kb4 119. Kd4 Kb5 120. Ndf1 Kb4 121. Ne3 Kb5 122. Nc2 Kc6 123. Ke5 Kc5 124. Ne3 Kb4 125. Kd4 Kb5 126. Kd5 Kb4 127. Kd4 1/2-1/2

[Event "Titled Tuesday intern op 21st Dec"]
[Site "Chess.com INT"]
[Date "2021.12.21"]
[Round "3"]
[White "Ladan, Nicholas John"]
[Black "Zavivaeva, Emilia"]
[Result "1-0"]
[WhiteElo "2128"]
[BlackElo "1650"]
[PlyCount "75"]
[EventDate "2021.12.21"]
[EventType "swiss (blitz)"]
[EventRounds "11"]
[EventCountry "USA"]
[SourceTitle "CBM 205 Extra"]
[Source "ChessBase"]
[SourceDate "2022.01.31"]
[SourceVersion "1"]
[SourceVersionDate "2022.01.31"]
[SourceQuality "1"]

1. d4 d5 2. c4 e6 3. Nf3 Nf6 4. g3 c6 5. Bg2 Be7 6. O-O O-O 7. Qc2 Nbd7 8. Nbd2 b6 9. e4 Bb7 10. e5 Ne8 11. Rd1 Nc7 12. cxd5 Nxd5 13. Ne4 c5 14. Bg5 h6 15. Bxe7 Qxe7 16. Nd6 Nb4 17. Qa4 Bc6 18. Qb3 a5 19. a3 Bd5 20. Qc3 cxd4 21. Rxd4 Nc6 22. Rxd5 exd5 23. Qxc6 Nxe5 24. Nxe5 Qxe5 25. Rd1 Qxb2 26. Bxd5 Ra7 27. Qc4 Qf6 28. Nb5 Re7 29. Rd3 Kh8 30. Rf3 Qa1+ 31. Kg2 f6 32. Be4 Qe5 33. Bd3 Qg5 34. Nd6 Rd7 35. Ne4 Qe5 36. Bb1 Rd4 37. Qc2 Re8 38. Nxf6 1-0

[Event "Titled Tuesday intern op 21st Dec"]
[Site "Chess.com INT"]
[Date "2021.12.21"]
[Round "3"]
[White "Langner, Ladislav"]
[Black "Brunner, Nicolas"]
[Result "1-0"]
[WhiteElo "2370"]
[BlackElo "2415"]
[PlyCount "89"]
[EventDate "2021.12.21"]
[EventType "swiss (blitz)"]
[EventRounds "11"]
[EventCountry "USA"]
[SourceTitle "CBM 205 Extra"]
[Source "ChessBase"]
[SourceDate "2022.01.31"]
[SourceVersion "1"]
[SourceVersionDate "2022.01.31"]
[SourceQuality "1"]

1. e4 e5 2. Bc4 Nf6 3. d3 c6 4. Nf3 d5 5. Bb3 Bd6 6. Nc3 d4 7. Ne2 O-O 8. O-O Nbd7 9. Nd2 Nc5 10. Nc4 Bc7 11. f4 exf4 12. Bxf4 Bg4 13. h3 Bxe2 14. Qxe2 Re8 15. Bg5 Ncd7 16. Qf2 h6 17. Bh4 b5 18. Nd2 Qe7 19. Rae1 Qe5 20. Nf3 Qh5 21. Bg3 Bb6 22. e5 Nd5 23. Nh4 Nc5 24. Bxd5 cxd5 25. Nf5 Ne6 26. Nd6 Re7 27. Nxb5 Rc8 28. Nd6 Rc6 29. Bh4 Rec7 30. Re2 Qg6 31. Kh2 Bc5 32. Nf5 Bf8 33. Bg3 Rb6 34. b3 Rbc6 35. Nd6 Bxd6 36. exd6 Rd7 37. Qf3 Rc5 38. Be5 a5 39. a4 Ng5 40. Qg4 Ne6 41. Qxg6 fxg6 42. Bg3 Ng5 43. Re8+ Kh7 44. Re7 Rd8 45. h4 1-0

[Event "Titled Tuesday intern op 21st Dec"]
[Site "Chess.com INT"]
[Date "2021.12.21"]
[Round "3"]
[White "Li, Ben"]
[Black "Plotnikov, Pavel"]
[Result "0-1"]
[WhiteElo "2361"]
[BlackElo "2297"]
[PlyCount "96"]
[EventDate "2021.12.21"]
[EventType "swiss (blitz)"]
[EventRounds "11"]
[EventCountry "USA"]
[SourceTitle "CBM 205 Extra"]
[Source "ChessBase"]
[SourceDate "2022.01.31"]
[SourceVersion "1"]
[SourceVersionDate "2022.01.31"]
[SourceQuality "1"]

1. d4 d5 2. Nf3 Nf6 3. c4 dxc4 4. Nc3 e6 5. e4 Bb4 6. Bg5 c5 7. Bxc4 cxd4 8. Nxd4 O-O 9. O-O Be7 10. e5 Nfd7 11. Bxe7 Qxe7 12. Qe2 Qc5 13. Nf3 Nc6 14. Rfe1 Ndxe5 15. Nxe5 Nxe5 16. Bb3 Nc6 17. Ne4 Qe5 18. Rad1 Nd4 19. Qc4 Nxb3 20. Qxb3 b6 21. Nd6 Qf6 22. Qb5 Rd8 23. Qc6 Bd7 24. Qc7 Be8 25. Ne4 Qh4 26. Rc1 Rd7 27. Qe5 Rad8 28. g3 Qe7 29. h4 f6 30. Qc3 Bf7 31. Qf3 e5 32. b3 Bd5 33. h5 Bb7 34. h6 Rd3 35. Qg4 g6 36. Qh4 Kf7 37. Rc2 R3d4 38. Rce2 Rd1 39. f4 Bxe4 40. Rxe4 Qc5+ 41. Kg2 R8d2+ 42. Kh3 Qc8+ 43. g4 Rd3+ 44. R1e3 Rxe3+ 45. Rxe3 Rh1+ 46. Kg3 exf4+ 47. Kxf4 Rxh4 48. Kg3 Qxg4+ 0-1